Countries in Croatian language - Statistics

General Stats
  • This quiz has been taken 38 times
  • The average score is 17 of 20
Answer Stats
Country in Croatian English % Correct
Kanada Canada
97%
Čile Chile
97%
Indija India
97%
Japan Japan
97%
Poljska Poland
97%
Turska Turkey
97%
Sjedinjene Američke Države United States of America
97%
Hrvatska Croatia
92%
Novi Zeland New Zealand
92%
Sjeverna Koreja North Korea
92%
Gvatemala Guatemala
89%
Grčka Greece
86%
Katar Qatar
86%
Južnoafrička Republika South Africa
81%
Njemačka Germany
78%
Crna Gora Montenegro
78%
Mađarska Hungary
72%
Gvineja Guinea
69%
Nizozemska Netherlands
50%
Gruzija Georgia
47%
No matching quizzes found
Score Distribution
Percent of People with Each Score
Percentile by Number Answered
Your Score History
You have not taken this quiz